एक नौकरानी की डायरी / (Record no. 116549)

MARC details
000 -LEADER
fixed length control field 01034nam a22002537a 4500
005 - DATE AND TIME OF LATEST TRANSACTION
control field 20170124103041.0
010 ## - LIBRARY OF CONGRESS CONTROL NUMBER
LC control number B-037491
020 ## - INTERNATIONAL STANDARD BOOK NUMBER
Terms of availability 225.00
International Standard Book Number 8170283752
035 ## - SYSTEM CONTROL NUMBER
System control number B-037491
037 ## - SOURCE OF ACQUISITION
Source of stock number/acquisition Cen Lib/Ret
040 ## - CATALOGING SOURCE
Original cataloging agency DPL
Language of cataloging HN
082 ## - DEWEY DECIMAL CLASSIFICATION NUMBER
Classification number
Item number वैदकृ
100 ## - MAIN ENTRY--PERSONAL NAME
Personal name वैद, कृष्ण बलदेव
9 (RLIN) 6009
245 ## - TITLE STATEMENT
Title एक नौकरानी की डायरी /
Statement of responsibility, etc कृष्ण बलदेव वैद
246 ## - VARYING FORM OF TITLE
Title proper/short title Ek naukarani ki dairy /
Remainder of title by Krishn Baldev Vaid
260 ## - PUBLICATION, DISTRIBUTION, ETC. (IMPRINT)
Name of publisher, distributor, etc राजपाल एंड संस
Place of publication, distribution, etc दिल्ली
Date of publication, distribution, etc 2000
270 ## - ADDRESS
City दिल्ली
Address कश्मीरी गेट
Postal code 110006
300 ## - PHYSICAL DESCRIPTION
Extent 230पृ.
Dimensions 19सेमी(सजिल्द )
650 ## - SUBJECT ADDED ENTRY--TOPICAL TERM
Topical term or geographic name as entry element हिंदी साहित्य
General subdivision
Geographic subdivision
9 (RLIN) 67102
650 ## - SUBJECT ADDED ENTRY--TOPICAL TERM
Topical term or geographic name as entry element हिंदी साहित्य
General subdivision उपन्यास
9 (RLIN) 42619
650 ## - SUBJECT ADDED ENTRY--TOPICAL TERM
Topical term or geographic name as entry element Hindi literature
9 (RLIN) 67103
650 ## - SUBJECT ADDED ENTRY--TOPICAL TERM
Topical term or geographic name as entry element Hindi literature
General subdivision Fiction
9 (RLIN) 67104
942 ## - ADDED ENTRY ELEMENTS (KOHA)
Source of classification or shelving scheme Dewey Decimal Classification
Koha item type Hindi Books
Classification part
Call number suffix वैदकृ
Holdings
Withdrawn status Lost status Damaged status Not for loan Home library Current library Date acquired Source of acquisition Cost, normal purchase price Total Checkouts Full call number Barcode Date last seen Date checked out Copy number Cost, replacement price Price effective from Koha item type Public note
Written off       Central Library Central Library 25/08/2015 Cen Lib/Ref 225.00 2 उ वैदकृ B-037491 01/02/2018 18/01/2018 1 225.00 25/08/2015 Hindi Books Written off on approval by DLB (By Circulation); dtd 15-06-2023

© Delhi Public Library
Hit Counter
free hit counter